000 00431nam a2200169 a 4500
001 0000-9375
003 ELIB.Books
008 110520 1970
035 _a(ELIB.Books)0000-9527
082 _a214
_bEpp
100 _aEpp, Theodore H.
245 _aWhy do Christians Suffer?
260 _bLincoln: Bace to the Bible Broadcast
_c1970
650 _aTheodicy
942 _2ddc
_cBK
998 _cbat
_e2011-05-20
999 _c9375
_d9375